Statistiques concernant Meilleur jeune joueur de la Coupe du Monde de la FIFA

Cliquez ici pour prendre le quiz!

Statistiques générales

  • Ce quiz a été pris 291 fois
  • Le résultat moyen est 4 sur 16

Statistiques - réponses

AnPaysAgeBest Young Player% Correct
2018France19Kylian Mbappe
100%
2014France21Paul Pogba
75%
2010Allemagne20Thomas Müller
71%
1958Brésil17Pelé
58%
1998Angleterre18Michael Owen
34%
2002États-Unis20Landon Donovan
26%
2006Allemagne21Lukas Podolski
16%
1966Allemagne de l'Ouest20Franz Beckenbauer
15%
1986Belgique20Enzo Scifo
9%
1982France21Manuel Amoros
7%
1994Pays-Bas21Marc Overmars
7%
1970Peroú21Teófilo Cubillas
5%
1962Hongrie20Flórián Albert
3%
1990Yougoslavie21Robert Prosinečki
3%
1978Italie20Antonio Cabrini
1%
1974Pologne20Władysław Żmuda
1%

Distribution des résultats

Percentile par nombre de réponses

% des personnes avec chaque résultat

Votre développement - résultats

Vous n’avez pas pris ce quiz